UM Logo
Normal view MARC view
  • Montelibano, Teodoro Y.

Entry Personal Name

Number of records used in: 1

001 - CONTROL NUMBER

  • control field: 13530

003 - CONTROL NUMBER IDENTIFIER

  • control field: OSt

005 - DATE AND TIME OF LATEST TRANSACTION

  • control field: 20160823175252.0

008 - FIXED-LENGTH DATA ELEMENTS

  • fixed length control field: 160823|| aca||aabn | a|a d

040 ## - CATALOGING SOURCE

  • Original cataloging agency: OSt

100 ## - HEADING--PERSONAL NAME

  • Personal name: Montelibano, Teodoro Y.